| 000 | 00787cam a22002771 4500 | ||
|---|---|---|---|
| 001 | sa 65001849 | ||
| 003 | DLC | ||
| 005 | 20260227112112.0 | ||
| 008 | 900302s1962 ii 000 0 sano | ||
| 010 | _asa 65001849 | ||
| 035 | _a(OCoLC)21159810 | ||
| 040 |
_aDLC _cWaU _dDLC |
||
| 041 | 1 |
_asanhin _hsan |
|
| 042 | _apremarc | ||
| 050 | 0 | 0 |
_aR127.2 _b.V3 1962 |
| 100 | 0 |
_aVāgbhaṭa, _dactive 7th century. |
|
| 245 | 1 | 0 | _aAṣṭāṅgahr̥dayam. |
| 260 | _c[1962] | ||
| 300 |
_a8, 36, 614, 2 p. _c25 cm. |
||
| 440 | 0 |
_aKāśī Saṃskr̥ta granthamālā ; _v150 |
|
| 440 | 0 |
_aAyurvedavidhāge, _v4 |
|
| 500 | _aIn Sanskrit, with Hindi translations and notes. | ||
| 650 | 0 | _aMedicine, Ayurvedic. | |
| 700 | 1 |
_aGupta, Atrideva, _d1902- |
|
| 700 | 1 | _aUpādhyāya, Yadunandana. | |
| 999 |
_c62283 _d62283 |
||